Εθνικό κίνημα και Βαλκάνια. Από το εθνικό κίνημα στην εθνική ολοκλήρωση από την ανακάλυψη στην "κατασκευή" τους
Αποθηκεύτηκε σε:
| Κύριος συγγραφέας: | |
|---|---|
| Άλλοι συγγραφείς: | , , , |
| Μορφή: | Βιβλίο |
| Γλώσσα: | Greek |
| Δημοσίευση: |
Αθήνα :
Θεμέλιο,
1996
|
| Σειρά: | Μικρή ιστορική βιβλιοθήκη
|
| Θέματα: | |
| Ετικέτες: |
Προσθήκη ετικέτας
Δεν υπάρχουν, Καταχωρήστε ετικέτα πρώτοι!
|
MARC
| LEADER | 00000nam a2200000 i 4500 | ||
|---|---|---|---|
| 001 | 1/12458 | ||
| 008 | 980112s1996 gre d | ||
| 020 | |a 960-310-206-7 | ||
| 035 | |1 ΠΑΡ |a 1997 |b 06/12 |c ΧΡΥΣΑΝΘΟΠΟΥΛΟΥ |l 10018638 | ||
| 040 | |a GR-MY-UA |b gre |e aacr | ||
| 041 | 0 | |a gre | |
| 082 | 0 | |a 327.496 | |
| 100 | 1 | |a Hroch, Miroslav. | |
| 245 | 1 | 0 | |a Εθνικό κίνημα και Βαλκάνια. Από το εθνικό κίνημα στην εθνική ολοκλήρωση / |b από την ανακάλυψη στην "κατασκευή" τους / |c Miroslav Hroch. Τα Βαλκάνια : |c Μαρία Τοντόροβα |
| 260 | |a Αθήνα : |b Θεμέλιο, |c 1996 | ||
| 300 | |a 114 σ. | ||
| 490 | 1 | |a Μικρή ιστορική βιβλιοθήκη | |
| 650 | 0 | 0 | |a Nationalism |z Balkan Peninsula. |
| 651 | 0 | |a Balkan Peninsula |x History. | |
| 700 | 1 | |a Todorova, Mariia Nikolaeva. | |
| 700 | 1 | |a Ματάλας, Παρασκευάς. |4 trl | |
| 700 | 1 | |a Ποταμιανός, Νίκος. |4 trl | |
| 700 | 1 | |a Χαντζαρούλα, Ποθητή. |4 trl | |
| 830 | 0 | |a Μικρή ιστορική βιβλιοθήκη | |
| 852 | |a INST |b LESVOS |e 19980112 |h 327.496 HRO |p 005100015008 |q 005100015008 |t BK |y 0 | ||
| 852 | |a INST |b RHODES |e 19990224 |h 327.496 HRO |p 005400015550 |q 005400015550 |t BK |y 0 | ||
| 909 | |a Λ |b 052816 | ||
| 909 | |a Ρ |b 053310 | ||
| 922 | |a 1ΕΛΗ |b 199711 |c ΧΡΥΣΑΝΘΟΠΟΥΛΟΥ | ||
| 922 | |a 4ΕΛΗ |b 199801 |c ΚΠΣ/ΔΕ |d EMVASIS | ||
| 950 | |a 153-1997-06-30 | ||